000 01177nam a2200313 c 4500
999 _c114447
_d114447
003 BLK
005 20230913005133.0
008 180409b bul|||||r ||||||| ||bul||
010 _aKNG00119878000
040 _aBLK
041 _aBUL
_cBUL
080 _aАнглийска литература
_b821.111
_x-93-31
_z821.111-93-31
100 1 _aГрийн, Роджър Ланслин
_eпърви автор
_9309014
139 _aГрийн, Роджър Ланслин
_bГ 82
245 1 0 _aКрал Артур
_bРоман за юноши
_cРоджър Ланслин Грийн; прев. от англ. Огняна Иванова.
257 _aGBR
260 _aСофия
_bОтечество
_c1986
300 _a328 с.
_bс ил.
_c17 см
380 _aDX
500 _aОриг. загл. King Arthur and his knights of the round table / Roger Lanselyn Green.
700 _aИванова, Огняна Начева
_d1947-
_9369792
852 _aЦб І 22912
856 4 _qpdf
856 4 _qpdf
942 _cKNG
_n0
_s1
_01
944 _aCR
_c15.10.2010
_lCRON CRON
_k
944 _aED
_c25.10.2010
_lдобави в АБ / 14.10.2010
999 _d114447